[Event "Metz op 28th"]
[Site "Metz"]
[Date "2010.04.13"]
[Round "9"]
[White "Piasetski, Leon David"]
[Black "Quenette, Remi"]
[Result "1-0"]
[WhiteElo "2320"]
[BlackElo "2197"]
[PlyCount "87"]
[EventDate "2010.04.10"]
[EventType "swiss"]
[EventRounds "9"]
[EventCountry "FRA"]
[SourceTitle "CBM 136 Extra"]
[Source "ChessBase"]
[SourceDate "2010.07.02"]
[SourceVersion "2"]
[SourceVersionDate "2010.07.15"]
[SourceQuality "1"]

1. Nf3 Nf6 2. c4 g6 3. Nc3 d5 4. cxd5 Nxd5 5. Qa4+ c6 6. Nxd5 Qxd5 7. e4 Qd8 8. d4 Bg7 9. Be3 0-0 10. Rd1 h6 11. Be2 Be6 12. 0-0 Nd7 13. Ne1 f5 14. f3 Nf6 15. Qc2 fxe4 16. fxe4 Ng4 17. Rxf8+ Kxf8 18. Bxg4 Bxg4 19. Nf3 Kg8 20. Qb3+ Kh7 21. Qxb7 Rb8 22. Qxa7 Rxb2 23. Rd2 Rb1+ 24. Kf2 Qd6 25. Qc5 Qe6 26. Qc2 Ra1 27. h3 Bxf3 28. Kxf3 Qf7+ 29. Kg3 e5 30. d5 cxd5 31. Rxd5 h5 32. Ra5 Qf6 33. Qf2 h4+ 34. Kh2 Qxf2 35. Bxf2 g5 36. Ra6 Bh6 37. g3 Rd1 38. Kg2 Rd2 39. gxh4 gxh4 40. Kf3 Bf4 41. Bxh4 Rd3+ 42. Kg4 Re3 43. Bf6 Rxe4 44. Kf5 1-0

[Event "Metz op 20th"]
[Site "Metz"]
[Date "2002.04.15"]
[Round "3"]
[White "Sprenger, Jan Michael"]
[Black "Quenette, Remi"]
[Result "1-0"]
[WhiteElo "2464"]
[BlackElo "2230"]
[PlyCount "59"]
[EventDate "2002.04.13"]
[EventType "swiss"]
[EventRounds "9"]
[EventCountry "FRA"]
[SourceTitle "CBM 087 Extra"]
[Source "ChessBase"]
[SourceDate "2002.05.03"]
[SourceVersion "2"]
[SourceVersionDate "2002.08.09"]
[SourceQuality "1"]

1. e4 c5 2. Nf3 d6 3. d4 cxd4 4. Nxd4 Nf6 5. Nc3 Nc6 6. Bc4 e6 7. Bb3 Be7 8. Be3 0-0 9. Qe2 Bd7 10. 0-0-0 Nxd4 11. Bxd4 Qa5 12. Kb1 Bc6 13. f4 e5 14. fxe5 dxe5 15. Bf2 Rad8 16. Nd5 Bxd5 17. exd5 Qc7 18. g4 Nd7 19. c3 Bd6 20. Bc2 Nc5 21. h4 Rde8 22. Bxc5 Qxc5 23. h5 Qc7 24. Qe4 g6 25. hxg6 hxg6 26. g5 Kg7 27. Rh7+ Kxh7 28. Qh4+ Kg8 29. Rh1 f5 30. Qh7+ 1-0

[Event "Metz op 16th"]
[Site "Metz"]
[Date "1998.04.07"]
[Round "2"]
[White "Lerner, Konstantin Z"]
[Black "Quenette, Remi"]
[Result "1-0"]
[WhiteElo "2575"]
[BlackElo "2175"]
[PlyCount "83"]
[EventDate "1998.04.06"]
[EventType "swiss"]
[EventRounds "9"]
[EventCountry "FRA"]
[SourceTitle "EXT 1999"]
[Source "ChessBase"]
[SourceDate "1998.11.16"]
[SourceVersion "1"]
[SourceVersionDate "1998.11.16"]
[SourceQuality "1"]

1. d4 Nf6 2. Nf3 e6 3. c4 d5 4. Nc3 c5 5. cxd5 Nxd5 6. e3 Nxc3 7. bxc3 Be7 8. Bd3 Nd7 9. 0-0 b6 10. e4 Bb7 11. Bf4 0-0 12. Qe2 Nf6 13. h3 Nh5 14. Bh2 cxd4 15. cxd4 Bd6 16. Ne5 Qh4 17. g4 f5 18. gxh5 fxe4 19. Bc4 Qxh3 20. Qg4 Qxg4+ 21. Nxg4 Bxh2+ 22. Kxh2 Bd5 23. Bxd5 exd5 24. Rac1 Rf5 25. h6 Raf8 26. Rg1 Rh5+ 27. Kg2 gxh6 28. Kf1 Kh8 29. Rc7 Rhf5 30. Rg2 R5f7 31. Rxf7 Rxf7 32. Nxh6 Rg7 33. Nf5 Rc7 34. Rg5 h6 35. Rg6 Rc1+ 36. Kg2 Rc2 37. a4 Rc4 38. a5 bxa5 39. Ra6 Ra4 40. Rxa7 Kg8 41. Nxh6+ Kf8 42. Nf5 1-0

[Event "Metz op 14th"]
[Site "Metz"]
[Date "1996.??.??"]
[Round "?"]
[White "Kogan, Artur"]
[Black "Quenette, Remi"]
[Result "1-0"]
[WhiteElo "2485"]
[BlackElo "1960"]
[PlyCount "75"]
[EventDate "1996.04.??"]
[EventType "swiss"]
[EventRounds "9"]
[EventCountry "FRA"]
[SourceTitle "EXT 1998"]
[Source "ChessBase"]
[SourceDate "1997.11.17"]
[SourceVersion "1"]
[SourceVersionDate "1997.11.17"]
[SourceQuality "1"]

1. e4 e6 2. d4 d5 3. Nc3 dxe4 4. Nxe4 Nd7 5. Nf3 Ngf6 6. Nxf6+ Nxf6 7. Bg5 Be7 8. Bd3 0-0 9. Qe2 c5 10. dxc5 Qa5+ 11. c3 Qxc5 12. 0-0-0 Nd5 13. h4 h6 14. Bxe7 Qxe7 15. Ne5 Nf4 16. Qe4 Nxd3+ 17. Rxd3 Rd8 18. Rhd1 Rxd3 19. Qxd3 b6 20. Qd8+ Qf8 21. Qc7 Ba6 22. Rd7 Qc5 23. Qxc5 bxc5 24. Rxf7 Bf1 25. g3 Bg2 26. f4 Bd5 27. b3 a5 28. Rc7 a4 29. c4 axb3 30. axb3 Be4 31. Rxc5 Ra1+ 32. Kd2 Rg1 33. g4 h5 34. g5 Rh1 35. b4 Rxh4 36. Rc8+ Kh7 37. g6+ Bxg6 38. Rh8+ 1-0

[Event "Metz op 14th"]
[Site "Metz"]
[Date "1996.??.??"]
[Round "?"]
[White "Lafarge, Jean Marc"]
[Black "Quenette, Remi"]
[Result "0-1"]
[WhiteElo "2240"]
[BlackElo "1960"]
[PlyCount "70"]
[EventDate "1996.04.??"]
[EventType "swiss"]
[EventRounds "9"]
[EventCountry "FRA"]
[SourceTitle "EXT 1998"]
[Source "ChessBase"]
[SourceDate "1997.11.17"]
[SourceVersion "1"]
[SourceVersionDate "1997.11.17"]
[SourceQuality "1"]

1. e4 e6 2. d4 d5 3. exd5 exd5 4. Nf3 Nf6 5. Bd3 Be7 6. 0-0 0-0 7. Nc3 Bg4 8. h3 Bh5 9. Bf4 a6 10. g4 Bg6 11. Ne2 Nbd7 12. Ng3 Ne4 13. Bxe4 dxe4 14. Nd2 Nf6 15. Be5 c5 16. c3 cxd4 17. Bxd4 Qd5 18. Qb3 Qxb3 19. axb3 Bd6 20. Ra5 Rfe8 21. g5 Nh5 22. Nxh5 Bxh5 23. Re1 Bg6 24. Nc4 Bf4 25. Be3 Bxe3 26. Nxe3 Rad8 27. Rd5 Rxd5 28. Nxd5 Re5 29. c4 Rxg5+ 30. Kh2 Kf8 31. Nf4 Re5 32. Nd3 Ra5 33. Nb4 Rf5 34. Kg3 Rf3+ 35. Kh4 Rxb3 0-1

[Event "Metz op 14th"]
[Site "Metz"]
[Date "1996.??.??"]
[Round "?"]
[White "Philippe, Christophe"]
[Black "Quenette, Remi"]
[Result "1-0"]
[WhiteElo "2060"]
[BlackElo "1880"]
[PlyCount "74"]
[EventDate "1996.04.??"]
[EventType "swiss"]
[EventRounds "9"]
[EventCountry "FRA"]
[SourceTitle "EXT 1998"]
[Source "ChessBase"]
[SourceDate "1997.11.17"]
[SourceVersion "1"]
[SourceVersionDate "1997.11.17"]
[SourceQuality "1"]

1. e4 e6 2. d4 d5 3. e5 c5 4. c3 Nc6 5. Be3 Nh6 6. Nf3 Nf5 7. Be2 Bd7 8. 0-0 Be7 9. Qd2 Qc7 10. Na3 a6 11. Nc2 cxd4 12. Bxd4 Nfxd4 13. cxd4 f6 14. exf6 Bxf6 15. Ng5 0-0 16. Bd3 Kh8 17. Nxh7 Nxd4 18. Nxf6 Nf3+ 19. gxf3 Rxf6 20. Qg5 Raf8 21. Qg3 e5 22. Ne3 Qd6 23. Ng4 Bxg4 24. fxg4 g6 25. Qh3+ Kg8 26. Be2 e4 27. Qg3 Qb6 28. Qe3 Qd6 29. f4 R6f7 30. Rad1 Rc8 31. Qb3 Rd7 32. Rd4 Kg7 33. Rfd1 Rcd8 34. Qc3 Qf6 35. g5 Qxf4 36. Rxd5+ Kg8 37. Rxd7 e3 1-0

[Event "Metz op 14th"]
[Site "Metz"]
[Date "1996.??.??"]
[Round "?"]
[White "Quenette, Remi"]
[Black "Jung, Karl Otto"]
[Result "0-1"]
[WhiteElo "1960"]
[BlackElo "2210"]
[PlyCount "116"]
[EventDate "1996.04.??"]
[EventType "swiss"]
[EventRounds "9"]
[EventCountry "FRA"]
[SourceTitle "EXT 1998"]
[Source "ChessBase"]
[SourceDate "1997.11.17"]
[SourceVersion "1"]
[SourceVersionDate "1997.11.17"]
[SourceQuality "1"]

1. d4 Nf6 2. c4 c5 3. d5 b5 4. Bg5 bxc4 5. Nc3 Qa5 6. Qd2 d6 7. e4 Ba6 8. f4 h6 9. Bh4 Nbd7 10. Nf3 g5 11. fxg5 hxg5 12. Bxg5 Bg7 13. e5 dxe5 14. Nh4 Nh7 15. Nf5 Bf6 16. Be3 Nhf8 17. Ne4 Qxd2+ 18. Kxd2 0-0-0 19. g4 Bh4 20. d6 Ng6 21. dxe7 Nxe7 22. Ned6+ Kc7 23. Nxf7 Nf6+ 24. Nxd8 Rxd8+ 25. Kc2 Nxf5 26. gxf5 Nd5 27. Bxc5 Kc6 28. Bxa7 Nb4+ 29. Kc3 Nd5+ 30. Kc2 e4 31. Bg2 Nb4+ 32. Kc3 Kb5 33. a4+ Ka5 34. Bb6+ Kxb6 35. Kxb4 Be7+ 36. Kc3 Rd3+ 37. Kc2 e3 38. Rad1 Kc5 39. Be4 Kd4 40. Bxd3 cxd3+ 41. Kc1 e2 42. Rd2 Ke3 43. Rg1 Bb4 44. Rxe2+ dxe2 45. Kc2 Bd3+ 46. Kb3 Be7 47. a5 Bxf5 48. a6 Bc5 49. Kc4 Ba7 50. Kb5 Kf2 51. Rc1 Be3 52. Ra1 Bd3+ 53. Ka5 Bd4 54. h4 Bxb2 55. a7 Bxa1 56. a8Q e1Q+ 57. Kb6 Bd4+ 58. Kc7 Qe7+ 0-1